| 000 | 00444nam a2200169Ia 4500 | ||
|---|---|---|---|
| 003 | OSt | ||
| 005 | 20260310101530.0 | ||
| 008 | 211028s2011 xx 000 0 und d | ||
| 040 | _cAIMIT LIBRARY | ||
| 041 | _aeng | ||
| 100 |
_aTharakan, Vimala; Vijayakumar, Suchetha. _g81788 _93568 |
||
| 110 |
_aManimozhi. _93569 |
||
| 245 | _aComprehensive asset explorer / | ||
| 260 |
_aAluva _c2011 |
||
| 710 |
_aMetric Stream _93570 |
||
| 942 |
_2ddc _cPRO |
||
| 999 |
_c217276 _d217276 |
||